| 000 | 00869nam a22002297a 4500 | ||
|---|---|---|---|
| 999 |
_c161465 _d161465 |
||
| 005 | 20190822145812.0 | ||
| 010 | _a1819CHEN B-720839-859 | ||
| 020 |
_a978818105007X _c250.00 |
||
| 035 | _aB-720839-859 | ||
| 035 | _aB-728646 | ||
| 037 | _bGaurav Prakashan | ||
| 082 | _a882 | ||
| 100 | _aShakespeare,William | ||
| 245 |
_aA midsummer night's dream / _cby William Shakespeare |
||
| 260 |
_aDelhi _bGaurav Prakashan _c2018 |
||
| 270 |
_a518/6-B, Karkari Road, Vishwas Nagar, Shahadra _bDelhi _e110032 |
||
| 300 |
_a102p.: _c22cm(Hb) _bill. |
||
| 500 | _aAirport | ||
| 942 |
_2ddc _cCH _mSHA _h882 |
||